000 00601nmc a2200217 a 4500
003 AR-X00000XY
005 20251128212019.0
008 127020s1964 ||||||||||||||000 | spa||
040 _cAR-X00000XY
100 1 _aBeckett, Samuel
245 1 0 _aFinal de partida
260 _aBuenos Aires
_bNueva visión
_c1964
300 0 _a72 p.
490 0 _aColección Losange de teatro universal
_v92
500 0 _aCon anotaciones manuscritas de Alejandra Pizarnik
655 _aLITERATURA
700 1 _aJavier, Francisco
_etraductor
800 1 _aSabsay, Fernando L.
942 _cBK
998 _cmartin
999 _c22070
_d22070